| 000 | 01100nmm a2200253 a 4500 | ||
|---|---|---|---|
| 999 |
_c7622 _d7622 |
||
| 003 | OSt | ||
| 005 | 20211228104359.0 | ||
| 008 | 200425s2004 sp d d 1|| c|spa | ||
| 017 | _aD.L. C. 1578-2005 | ||
| 020 | _a8497504992 | ||
| 040 |
_aUMA.CIN. _dBUS _bcat _cCDMR |
||
| 080 | _a070:004(063) | ||
| 080 | _a070.489 | ||
| 080 | _a004:070(063) | ||
| 111 | 2 |
_aCongreso Iberoamericano de Xornalismo Dixital ( _d2004 : _cSantiago de Compostel·la) |
|
| 245 | 1 | 0 |
_aTendencias en el ciberperiodismo iberoamericano _h[Recurs electrònic]: _bponencias do Congreso Iberoamericano de Xornalismo Dixital, Santiago de Compostela, 29-30 de novembro de 2004 / _cedición a cargo de Xosé López García...[et al.] |
| 260 |
_aSantiago de Compostela : _bUniversidade, Servizo de Publicacións e Intercambio Científico, _cDL 2005 |
||
| 300 |
_a1 disc òptic (CD-ROM); _c12 cm |
||
| 490 | 0 |
_aCursos e Congresos ; _v159 |
|
| 650 | 0 | 0 |
_aPeriodisme digital _93076 _xCongressos _zAmèrica Llatina |
| 700 | 1 |
_aLópez García, Xosé _93414 |
|
| 710 | 2 |
_aUniversidade de Santiago de Compostela _93681 |
|
| 942 |
_2udc _cADV |
||